NRL- Top Try Scorer From Every Club - Statistics

General Stats
  • This quiz has been taken 76 times
  • The average score is 6 of 16
Answer Stats
Club, Tries Scored Player % Correct
Melbourne Storm, 190 Billy Slater
86%
Canberra Raiders, 127 Jarrod Croker*
51%
Manly-Warringah Sea Eagles, 163 Brett Stewart
49%
Canterbury-Bankstown Bulldogs, 159 Hazem El Masri
49%
North Queensland Cowboys, 130 Matthew Bowen
47%
New Zealand Warriors, 152 Manu Vatuvei
46%
Gold Coast Titans, 76 Anthony Don*
41%
Cronulla-Sutherland Sharks, 165 Andrew Ettinghausen
32%
Brisbane Broncos, 142 Steve Renouf
31%
Newcastle Knights, 110 Akila Uate
27%
South Sydney Rabbitohs, 146 Nathan Merritt
24%
Paramatta Eels, 124 Luke Burt
20%
Sydney Roosters, 139 Anthony Minichiello
19%
Wests Tigers, 84 Chris Lawrence*
17%
Penrith Panthers, 113 Rhys Wesser
17%
St. George Illawarra Dragons, 124 Matt Cooper
12%
No matching quizzes found
Score Distribution
Percent of People with Each Score
Percentile by Number Answered
Your Score History
You have not taken this quiz